000 00420nam a2200193Ia 4500
005 20240823040508.0
008 240823s9999||||xx |||||||||||||| ||und||
020 _a81-260-1718-X
041 _aTAMIL
082 _A823 P4
100 _aRaja Raos
245 0 _aPambum Kayirum
250 _a1st
260 _c2004
_bSahitya Ac
500 _aYES
650 _aTamil Books
_bGeneral
942 _cBK
999 _c203241
_d203241